| 000 | 01383nam a2200337 c 4500 | ||
|---|---|---|---|
| 003 | BLK | ||
| 005 | 20250717143523.0 | ||
| 008 | 180411b bul|||||r ||||||| ||bul|| | ||
| 010 | _aKNG00181651000 | ||
| 020 |
_a978-954-399-104-4 _bиздат.: СББ Медиа |
||
| 040 | _aBLK | ||
| 041 |
_aBUL _cBUL |
||
| 072 | 7 |
_2bullib _aН83 _xЧужда художествена литература Н |
|
| 080 |
_aАмериканска литература (на САЩ) _b821.111(73) _x-312.4 _z821.111(73)-312.4 |
||
| 100 | 1 |
_aКларк, Мери Хигинс _eпърви автор _9371250 |
|
| 139 |
_aКларк, Мери Хигинс _bК 63 |
||
| 245 | 1 | 0 |
_aОбича музиката, обича да танцува _bРоман _cМери Хигинс Кларк. |
| 257 | _aUSA | ||
| 260 |
_аСофия _bСББ Медиа _c2014 _fСофия : Ропринт |
||
| 300 |
_a208 с. _c20 см |
||
| 380 | _aX | ||
| 490 | 1 | _aSummer crime collection | |
| 500 | _aОриг. загл.: Loves music, loves to dance / Mary Higgins Clark. - Кн. се разпространява с изд. на СББ Медиа | ||
| 659 | _aН | ||
| 852 | _aЦб 276743 | ||
| 856 | 4 |
_qpdf _u |
|
| 856 | 4 |
_qpdf _u |
|
| 942 |
_cKNG _n0 _048 |
||
| 944 |
_aCR _c12.09.2015 _k30575 _lМартин Енчев |
||
| 944 |
_aED _c30.12.2015 _kГеновева_Генчева |
||
| 999 |
_c173268 _d173268 |
||